New oil storage regulations in force (Record no. 75943)
[ view plain ]
| 000 -LEADER | |
|---|---|
| fixed length control field | 00858cab a2200181 4500 |
| 001 - CONTROL NUMBER | |
| control field | ##L131104 |
| 008 - FIXED-LENGTH DATA ELEMENTS--GENERAL INFORMATION | |
| fixed length control field | 050929n2005 000 0 eng u |
| 035 ## - SYSTEM CONTROL NUMBER | |
| System control number | (Sirsi) u131104 |
| 041 0# - LANGUAGE CODE | |
| Language code of text/sound track or separate title | eng |
| 245 00 - TITLE STATEMENT | |
| Title | New oil storage regulations in force |
| 260 ## - PUBLICATION, DISTRIBUTION, ETC. | |
| Date of publication, distribution, etc. | 2005 |
| 490 #0 - SERIES STATEMENT | |
| Series statement | Facilities Management |
| Volume/sequential designation | 12(12) September 2005, 6(1) |
| 520 ## - SUMMARY, ETC. | |
| Summary, etc. | Strict antipollution requirements came into force from 1 September 2005, affecting anyone who stores more than 200 litres of oil in outside tanks or containers. Fines of up to £20 000 can be imposed on those failing to comply with the new requirements. The article lists the recommendations made by the Environment Agency and Oil Care Campaign. |
| 590 ## - LOCAL NOTE (RLIN) | |
| Local note | IKA111005 |
| 650 24 - SUBJECT ADDED ENTRY--TOPICAL TERM | |
| Topical term or geographic name entry element | CONTROL OF POLLUTION (OIL STORAGE) (ENGLAND) REGULATIONS 2001 |
| 690 ## - LOCAL SUBJECT ADDED ENTRY--TOPICAL TERM (OCLC, RLIN) | |
| Topical term or geographic name as entry element | ENVIRONMENTAL AND LAND CONSULTANCY |
| 942 ## - ADDED ENTRY ELEMENTS (KOHA) | |
| Suppress in OPAC | 0 |
| Withdrawn status | Lost status | Source of classification or shelving scheme | Damaged status | Not for loan | Home library | Current library | Shelving location | Date acquired | Total Checkouts | Full call number | Barcode | Date last seen | Copy number | Price effective from | Koha item type |
|---|---|---|---|---|---|---|---|---|---|---|---|---|---|---|---|
| Dewey Decimal Classification | London | London | Journal article | 29/09/2005 | L131104 | 131104-1001 | 06/08/2019 | 1 | 06/08/2019 | Journal article |